000 00308nam a22001337a 4500
008 181012b xxu||||| |||| 00| 0 eng d
020 _a9780875532325
041 _aeng
080 _a610
100 _a4
101 _aSHM
245 _aCase Studies in public Health Ethics
_cCoughlin, S.S
942 _2udc
_cBK
999 _c49525
_d49525